| 000 | 01527pab a2200181 454500 | ||
|---|---|---|---|
| 008 | 180718b2014 xxu||||| |||| 00| 0 eng d | ||
| 100 | _aMeyer, Renate E. et al | ||
| 245 | _aOf bureaucrats and passionate public managers: Institutional logics, executive identities, and public service motivation | ||
| 260 | _c2014 | ||
| 300 | _ap.861-885. | ||
| 520 | _aOver recent decades, a number of managerial reform initiatives in continental Europe have aimed at moving away from the traditional Weberian model of public administration. Such shifting bases of legitimacy are brought about by changes in the institutional logics in place, which not only provide frames of reference but also social identities and vocabularies of motive for the actors in the field. In this article, we approach the expanding research on public service motivation (PSM) by employing an institutional prism. Based on an executive survey in a continental European context, we examine the assumption that high PSM is associated with the traditional ethos and social identity in the public sector. What we find is that a Weberian legalistic-bureaucratic logic supports neither a high attraction to policy-making nor a high level of compassion. A managerial orientation, on the other hand, entails significantly higher scores on these two dimensions, as well as on overall PSM. - Reproduced. | ||
| 650 | _aPublic administration | ||
| 650 | _aCivil service | ||
| 650 | _aMotivation | ||
| 773 | _aPublic Administration | ||
| 908 | _aN | ||
| 909 | _a106909 | ||
| 999 |
_c106904 _d106904 |
||